Applied thermodynamics for engineering technologists (Record no. 10734)

000 -LEADER
fixed length control field 00547nam a2200205u 4500
001 - CONTROL NUMBER
control field 10734
003 - CONTROL NUMBER IDENTIFIER
control field BD-DhUET
008 - FIXED-LENGTH DATA ELEMENTS--GENERAL INFORMATION
fixed length control field 810312q1963 enk 000 0 eng
040 ## - CATALOGING SOURCE
Original cataloging agency DLC
Transcribing agency DLC
Modifying agency BD-DhUET
082 ## - DEWEY DECIMAL CLASSIFICATION NUMBER
Classification number 621.01
Item number EAS/1963
100 ## - MAIN ENTRY--PERSONAL NAME
Personal name Eastop, T. D.
245 10 - TITLE STATEMENT
Title Applied thermodynamics for engineering technologists
250 ## - EDITION STATEMENT
Edition statement 1st ed.
260 ## - PUBLICATION, DISTRIBUTION, ETC. (IMPRINT)
Place of publication, distribution, etc. London
Name of publisher, distributor, etc. Longmans
Date of publication, distribution, etc. 1963
300 ## - PHYSICAL DESCRIPTION
Extent xi, 788p.
Other physical details ill.
504 ## - BIBLIOGRAPHY, ETC. NOTE
Bibliography, etc Includes bibliographies
650 #0 - SUBJECT ADDED ENTRY--TOPICAL TERM
Topical term or geographic name as entry element Thermodynamics, Engineering
700 ## - ADDED ENTRY--PERSONAL NAME
Personal name McConkey, A.
942 ## - ADDED ENTRY ELEMENTS (KOHA)
Koha item type General Book
Holdings
Copy number Sublocation or collection (holding branch) Date acquired Koha issues (times borrowed) Not for loan Price effective from Koha item type Koha date last borrowed Withdrawn status Location (home branch) Damaged status Koha normalized classification for sorting Shelving location Koha full call number Koha date last seen Source of classification or shelving scheme Piece designation (barcode) Lost status
1Central Library, BUET2015-02-09  2015-02-09General Book  Central Library, BUET 621_010000000000000_EAS_1963Circulation section621.01/EAS/19632015-02-09 23814 
2Central Library, BUET2015-04-161 2015-04-16General Book2024-09-17 Central Library, BUET 621_010000000000000_EAS_1963Circulation section621.01/EAS/19632024-10-19 3742 
3Central Library, BUET2015-04-27  2015-04-27General Book  Central Library, BUET 621_010000000000000_EAS_1963Circulation section621.01/EAS/19632015-04-27 18258 
4Central Library, BUET2015-06-16  2015-06-16Reading Item  Central Library, BUET 621_010000000000000_EAS_1963Reading section621.01/EAS/19632015-06-16 18256